000
00269nam a2200097Ia 4500
008
220204s9999 xx 000 0 und d
082
_a
062
_b
HAN
245
0
_a
Handbook of indigenous manufacturers of engineering stores
260
_a
New Delhi
_b
Sunlight
_c
1957
942
_c
BK
999
_c
19805
_d
19805